000 01870nam a22003257a 4500
001 362
003 OSt
005 20250528074019.0
008 250401b |||||||e |||| 00| 0 eng d
020 _a9788581051789
040 _bpor
041 _hspa
_apor
082 _a863
_bM465p
100 _aMaxwell, Megan
_d1965-
_9750
240 _aPideme lo que quieras /
245 _aPeça-me o que quiser /
_cMaxwell, Megan ; Tradução de Tamara Sender
260 _aRio de Janeiro
_bObjetiva
_c2013
300 _a398 p.
490 1 _aPeça-me O Que Quiser
500 _aNão recomendado para menores de 18 anos.
520 _aCom tempero latino e uma abordagem excitante, essa é a história da secretária espanhola Judith Flores e seu chefe, o alemão Eric Zimmerman, também conhecido como Iceman: um homem muito sério e com os olhos azuis mais intensos e sexies que ela já viu. Recém-chegado ao comando da empresa Müller, antes dirigida por seu pai, Eric tem uma atração instantânea pelo jeito divertido de Judith e exigirá que ela o acompanhe nas viagens de trabalho pela Espanha. Mesmo sabendo que está se metendo numa situação arriscada, a ideia de estar ao lado de Iceman é irresistível. Com ele, a jovem viverá experiências sexuais até então inimagináveis, em um universo de fantasias eróticas pouco convencionais. Conciliando sexo e romantismo na medida exata, Peça-me o que quiser é uma história de amor cheia de encontros e desencontros, na qual os jogos eróticos, o voyeurismo e o desejo de ultrapassar todos os limites do prazer são os grandes protagonistas.
650 0 _aLiteratura espanhola
_9144
650 0 _aErótico
_9305
650 0 _aAmor e Paixão
_925
655 0 _aRomance
_923
655 0 _aFicção
_922
700 1 _d1981-
_aSender, Tamara,
830 _aPeça-me O Que Quiser
_9751
942 _2ddc
_cBK
_n0
999 _c362
_d362